000 00743cam a2200217 4500
001 WB3714-06
008 000000n2001 000 0 eng u
035 _a(Sirsi) u111789
245 _aMain contractors 'undermine government policy'
260 _c2001
490 _aContract Journal
_v408(6320) 28 March 2001, 1(1)
520 _aAccording to a specialists' report by the Constructors Liaison Group (CLG), main contractors are undermining government procurement policy aimed at securing best value for money.
590 _aWB
650 _aGOVERNMENT POLICY
650 _aPROCUREMENT POLICY
650 _aBEST VALUE
650 _aBUILDING CONTRACTORS
650 _aTENDERING PROCESS
690 _aProcurement
_96260
942 _n0
999 _c66610
_d66610